| 000 | 00825nam a2200205Ia 4500 | ||
|---|---|---|---|
| 999 |
_c37986 _d37986 |
||
| 001 | 3970 | ||
| 003 | GE_BSU | ||
| 005 | 20190830164000.0 | ||
| 008 | 181216s1990||||ge |||||||||||||| ||geo|| | ||
| 040 | _cGE_BSU | ||
| 041 | _ageo | ||
| 080 | _a371.4 შ–88 | ||
| 100 |
_aშტაინერი, რუდოლფ _93841 |
||
| 245 |
_aბავშვის აღზრდა : _bსულიერი მეცნიერების თვალსაზრისით / _cგერმ. თარგმნა მერაბ კოსტავამ. |
||
| 264 |
_aთბ. : _b"ეტრატი–2", _c1990. |
||
| 300 |
_a31 გვ. ; _b20 სმ. |
||
| 653 | _aბავშვის აღზრდა | ||
| 700 |
_aკოსტავა, მერაბ _eმთარგმნელი _93842 |
||
| 942 |
_cBK _2udc |
||